| Tag |
First Indicator |
Second Indicator |
Subfields |
| LEADER |
00000cam a2200000 a 4500 |
| 001 |
in00000544721 |
| 005 |
20151014051327.0 |
| 008 |
821019s1982 miu 00010 eng |
| 010 |
|
|
|a 81082659
|
| 020 |
|
|
|a 0916418316 (pbk.) :
|c $4.50
|
| 035 |
|
|
|a (OCoLC)09117115
|
| 035 |
|
|
|9 ACJ3726AM
|
| 039 |
0 |
|
|a 2
|b 3
|c 3
|d 3
|e 3
|
| 040 |
|
|
|a DLC
|c DLC
|d TXA
|d UtOrBLW
|
| 049 |
|
|
|a TXAM
|c [1277415]
|
| 050 |
0 |
0 |
|a PS3554.E585
|b B55 1982
|
| 082 |
0 |
|
|a 811/.54
|2 19
|
| 100 |
1 |
|
|a Dent, Thomas C.
|
| 245 |
1 |
0 |
|a Blue lights and river songs :
|b poems /
|c by Tom Dent.
|
| 264 |
|
1 |
|a Detroit :
|b Lotus Press,
|c 1982.
|
| 300 |
|
|
|a 75 pages ;
|c 22 cm.
|
| 336 |
|
|
|a text
|b txt
|2 rdacontent
|
| 337 |
|
|
|a unmediated
|b n
|2 rdamedia
|
| 338 |
|
|
|a volume
|b nc
|2 rdacarrier
|
| 999 |
|
|
|a MARS
|
| 999 |
f |
f |
|s 65bd6be3-63b6-3514-bb44-88dbf6bc3d85
|i fc919536-f8bc-3ddd-8a4e-6bc6026617f5
|t 0
|
| 952 |
f |
f |
|p ric
|a Texas A&M University
|b Rellis Campus
|c Joint Library Facility
|d Remote Storage
|t 0
|e PS3554.E585 B55 1982
|h Library of Congress classification
|i unmediated -- volume
|m A14808866766
|
| 998 |
f |
f |
|a PS3554.E585 B55 1982
|t 0
|l Remote Storage
|